000 00502nam a22001932 4500
001 0000002895
005 20170406114603.0
008 140422s xx 000 0 eng d
020 _c$
040 _aYour Holding Symbol
_cYour Holding Symbol
100 1 _aSamkange,Stanlake.
245 1 0 _aOrigins of rhodesia.
250 _a ed.
260 _aLondon :
_bHeinemain,
_c1968.
300 _a292 p. ;
_c cm.
504 _aindex.
610 2 0 _xzimbabwean history.
908 _a140422
999 _c2778
_d2778